Megacities - Sudden Death - Statistics

General Stats
  • This quiz has been taken 53 times
  • The average score is 3 of 13
Answers on the Grid
Answers color-coded by a green-red scale on the quiz's grid according to % correct below.
Abidjan
Ankara
Bengaluru
Berlin
Bogota
Brazzaville
Chengdu
Chennai
Delhi
Dhaka
Dongguan
Hyderabad
Istanbul
Jakarta
Johannesburg
Cape Town
Kinshasa
Lagos
Lahore
Mexiko-City
Moscow
Nanjing
New-Delhi
Qingdao
Riyadh
Rio de Janeiro
Shanghai
Sydney
Teheran
Wuhan
 
Answer Stats
Answer % Correct
Delhi
50%
Istanbul
40%
Jakarta
40%
Lagos
30%
Moscow
30%
Bengaluru
27%
Shanghai
27%
Dhaka
23%
Kinshasa
23%
Lahore
13%
Chengdu
10%
Wuhan
10%
Hyderabad
0%
No matching quizzes found
Score Distribution
Percent of People with Each Score
Percentile by Number Answered
Your Score History
You have not taken this quiz